00740 2200265 4500001002100000005001500021035002000036007000300056040001700059245008200076300003100158041000800189082001000197084001600207090001800223264004000241336002100281337003000302338002300332650001100355850001000366008004100376100003500417990002200452INLIS00000000000666720260411094300 a0010-0622000002ta aSBPUPADbind1 aIndek Pembangunan Manusia Kota Padang Dua Ribu Delapan /cBappeda Kota Padang ai,77 hlm. :bilus. ;c21cm0 aind a070.5 a070.5 BAP i aR IND p L2-2 a.--Padang :bBadan Statistik,c2008 2rdacontentaTeks 2rdamediaaTanpa Perantara 2rdacarrieravolume 4aProfil aPUPAD260411 0 0 aBappeda Kota PadangePengarang a11949/S/KAPD/2010